| 000 | 00926nam a22003017a 4500 | ||
|---|---|---|---|
| 001 | 0007021 | ||
| 003 | KOHA_MİRAKIL | ||
| 005 | 20260207001542.0 | ||
| 007 | ta | ||
| 008 | 100408b1996 tu |||gr||||#||||0|tur | | ||
| 020 |
_a9755180842 _c0,01 |
||
| 040 |
_aTR-BiSEU _btur _cTR-BiSEU _erda |
||
| 041 | 0 | _atur | |
| 044 | _ctu | ||
| 050 |
_aG155 _b.Y37 1996 |
||
| 100 | 1 | _aYarcan, Şükrü. | |
| 245 | 1 |
_aTürkiye'de turizm ve uluslararasılaşma/ _cŞükrü Yarcan ; Şükrü Yarcan . |
|
| 264 | 1 |
_aİstanbul : _bBoğaziçi Üniversitesi, c1996 _c1996 |
|
| 300 | _aIII , 174 sayfa: tablo | ||
| 336 |
_ametin _btxt _2rdacontent |
||
| 337 |
_aaracısız _bn _2rdamedia |
||
| 338 |
_acilt _bnc _2rdacarrier |
||
| 490 | 1 |
_aBoğaziçi Üniversitesi ; _vyayın no: 603. |
|
| 500 | _aKaynakça var. | ||
| 650 | 0 |
_aTourism--Turkey. _94019 |
|
| 830 | 1 |
_aBoğaziçi Üniversitesi ; _vyayın no: 603. _917051 |
|
| 942 |
_2lcc _cBK |
||
| 999 |
_c7002 _d7002 |
||